[Event "US Senior op"]
[Site "Wilmington"]
[Date "2003.07.21"]
[Round "3"]
[White "Kaufman, Larry C"]
[Black "Fayvinov, Zakhar"]
[Result "1-0"]
[WhiteElo "2389"]
[BlackElo "2273"]
[Annotator "White e4 - Philidor 2"]
[PlyCount "85"]
[EventDate "2003.07.19"]
[EventType "swiss"]
[EventRounds "6"]
[EventCountry "USA"]
[Source "ChessBase"]
[SourceDate "2003.09.04"]
[WhiteTeamCountry "MDA"]
[BlackTeamCountry "SLO"]

1. e4 e5 2. Nf3 d6 3. d4 Nf6 4. dxe5 Nxe4 5. Qd5 Nc5 6. Bg5 Be7 7. exd6 Qxd6 8.
Nc3 Qe6+ 9. Be3 c6 10. Qxe6 Bxe6 11. Nd4 Bc8 12. O-O-O O-O 13. Be2 g6 14. h4
Ne6 15. h5 Bg5 16. hxg6 Bxe3+ 17. fxe3 hxg6 18. Ne4 Nxd4 19. Rxd4 Kg7 20. Nd6
Be6 21. Nxb7 Nd7 22. Rhd1 Ne5 23. Nc5 Bc8 24. g4 f5 25. gxf5 Bxf5 26. Rf4 Rae8
27. Rd6 Rh8 28. Ra4 Re7 29. e4 Bc8 30. Nd3 Nxd3+ 31. Bxd3 g5 32. Ra5 g4 33.
Rxc6 Be6 34. Bc4 Bxc4 35. Rg5+ Kf7 36. Rxc4 Rh1+ 37. Kd2 Rg1 38. e5 g3 39. Rf4+
Ke6 40. Rf6+ Kd5 41. Rfg6 Rg2+ 42. Kd3 Rc7 43. c4+ 1-0

[Event "Metalska Trgovina CC 90"]
[Site "Ljubljana"]
[Date "2002.01.21"]
[Round "3"]
[White "Pavasovic, Dusko"]
[Black "Nisipeanu, Liviu Dieter"]
[Result "1/2-1/2"]
[WhiteElo "2547"]
[BlackElo "2608"]
[Annotator "White e4 - Philidor 3"]
[PlyCount "45"]
[EventDate "2002.01.19"]
[EventType "tourn"]
[EventRounds "11"]
[EventCountry "SLO"]
[EventCategory "11"]
[Source "ChessBase"]
[SourceDate "2002.03.21"]
[WhiteTeamCountry "MDA"]
[BlackTeamCountry "SLO"]

1. e4 e5 2. Nf3 d6 3. d4 exd4 4. Nxd4 Nf6 5. Nc3 Be7 6. Bf4 O-O 7. Qd2 d5 8.
Ndb5 c6 9. Nc7 d4 10. O-O-O Nh5 11. Be5 Bg5 12. f4 dxc3 13. Qxd8 cxb2+ 14. Kb1
Bxd8 15. Nxa8 Bg4 16. Rd3 Na6 17. h3 Be6 18. f5 Bc4 19. Rxd8 Rxd8 20. Bxc4 Rxa8
21. Rd1 Nc5 22. g4 b5 23. gxh5 1/2-1/2

[Event "BL2-West 0102"]
[Site "Germany"]
[Date "2002.02.03"]
[Round "5.3"]
[White "Grund, Holger"]
[Black "Fridman, Rafael"]
[Result "0-1"]
[WhiteElo "2466"]
[BlackElo "2378"]
[Annotator "White e4 - Sicilian Moscow 9"]
[PlyCount "98"]
[EventDate "2001.10.07"]
[EventType "team"]
[EventRounds "9"]
[EventCountry "GER"]
[Source "ChessBase"]
[SourceDate "2002.07.01"]
[WhiteTeam "Andernach"]
[BlackTeam "Borbeck Essen"]
[WhiteTeamCountry "GER"]
[BlackTeamCountry "GER"]

1. e4 c5 2. Nf3 d6 3. Bb5+ Nd7 4. d4 a6 5. Bxd7+ Bxd7 6. Nc3 cxd4 7. Qxd4 e5 8.
Qd3 h6 9. Nd2 Nf6 10. Nc4 Be6 11. Be3 Rc8 12. Nb6 Rc6 13. Nbd5 Be7 14. O-O-O
O-O 15. Kb1 b5 16. f3 Bxd5 17. Nxd5 Nxd5 18. Qxd5 Qc7 19. c3 Rc4 20. g4 Qc6 21.
Qxc6 Rxc6 22. Rd5 Rb8 23. Rhd1 f6 24. Rc1 Kf7 25. Kc2 Ke6 26. Kd3 Bd8 27. Rd1
Bb6 28. Bc1 h5 29. g5 f5 30. Be3 fxe4+ 31. fxe4 Rf8 32. Bc1 Rf2 33. Rd2 Rf1 34.
Kc2 Be3 35. Rd1 Rf2+ 36. Kb3 Bxc1 37. Rxc1 Rxh2 38. Rd3 Rg2 39. Rf1 Rxg5 40.
Rf8 Rg4 41. Re8+ Kf7 42. Rh8 g6 43. Rh7+ Kf6 44. Rd7 h4 45. a4 bxa4+ 46. Kxa4
Rxe4+ 47. b4 Ke6 48. Rg7 Rg4 49. Ka5 Rg1 0-1

[Event "Vlissingen HZ op 6th"]
[Site "Vlissingen"]
[Date "2002.08.07"]
[Round "5"]
[White "Glek, Igor V"]
[Black "Kohlweyer, Bernd"]
[Result "1-0"]
[WhiteElo "2590"]
[BlackElo "2452"]
[Annotator "White e4 - Sicilian Moscow 11"]
[PlyCount "117"]
[EventDate "2002.08.04"]
[EventType "swiss"]
[EventRounds "9"]
[EventCountry "NED"]
[Source "ChessBase"]
[SourceDate "2002.09.10"]
[WhiteTeamCountry "GER"]
[BlackTeamCountry "GER"]

1. e4 c5 2. Nf3 d6 3. Bb5+ Nd7 4. d4 Ngf6 5. Nc3 cxd4 6. Qxd4 g6 7. Bg5 Bg7 8.
O-O-O O-O 9. e5 dxe5 10. Nxe5 Qa5 11. Nc4 Qc7 12. Bf4 Qc5 13. Be5 b6 14. Bxd7
Bh6+ 15. Kb1 Nxd7 16. Nd5 Nxe5 17. Qxe5 e6 18. Nf6+ Kh8 19. Qxc5 bxc5 20. Nd7
Rd8 21. Nxc5 Rd5 22. Nb3 Kg8 23. Rxd5 exd5 24. Ne3 Bxe3 25. fxe3 Bf5 26. Re1
Rc8 27. Nd4 Be4 28. Re2 Kf8 29. Nb5 a6 30. Nd6 Rc6 31. Nxe4 dxe4 32. Rd2 Ke7
33. Rd4 f5 34. c4 g5 35. b4 Re6 36. Kc2 f4 37. Kd2 f3 38. Ke1 g4 39. Kf2 Re5
40. c5 h5 41. a4 a5 42. bxa5 Rxc5 43. Rxe4+ Kf6 44. gxf3 Rc2+ 45. Kg3 gxf3 46.
h4 Rc5 47. Kxf3 Rxa5 48. Rb4 Ra8 49. Kf4 Rg8 50. Rb6+ Ke7 51. a5 Kd7 52. a6
Rg4+ 53. Kf5 Rxh4 54. e4 Rh1 55. a7 Rf1+ 56. Kg5 Ra1 57. Rh6 Ra5+ 58. Kf4 Ra2
59. Rh8 1-0

[Event "CRO-chT"]
[Site "Medulin"]
[Date "2002.09.10"]
[Round "2"]
[White "Zelcic, Robert"]
[Black "Ljubicic, Filip"]
[Result "1-0"]
[WhiteElo "2565"]
[BlackElo "2432"]
[Annotator "White e4 - Sicilian Moscow 12"]
[PlyCount "82"]
[EventDate "2002.09.09"]
[EventType "team"]
[EventRounds "9"]
[EventCountry "CRO"]
[Source "ChessBase"]
[SourceDate "2002.11.07"]
[WhiteTeamCountry "GER"]
[BlackTeamCountry "GER"]

1. e4 c5 2. Nf3 d6 3. Bb5+ Nd7 4. d4 cxd4 5. Qxd4 Ngf6 6. Nc3 a6 7. Bxd7+ Bxd7
8. Bg5 h6 9. Bxf6 gxf6 10. O-O-O Rg8 11. Nd5 Rc8 12. Qe3 Qa5 13. Nb6 Rc6 14.
Nxd7 Kxd7 15. Nd4 Rc7 16. Kb1 e6 17. g3 Qc5 18. Rd2 h5 19. Rhd1 h4 20. Qf3 Qg5
21. gxh4 Qe5 22. h3 Rh8 23. Qe2 f5 24. exf5 Qxe2 25. Nxe2 Rxh4 26. fxe6+ fxe6
27. Rd3 Rc5 28. Rf3 Be7 29. Rg1 Re5 30. Nc1 Rf5 31. Rxf5 exf5 32. Rg3 Bf6 33.
c3 Ke6 34. Kc2 Be5 35. Re3 f4 36. Rd3 Kf5 37. Nb3 Rh7 38. Kd2 Ke4 39. Ke2 Rg7
40. Nd4 Rg1 41. Nf3 Rb1 1-0

[Event "Kurgan"]
[Site "Kurgan"]
[Date "1993.??.??"]
[Round "?"]
[White "Rublevsky, Sergei"]
[Black "Predein, V."]
[Result "1-0"]
[WhiteElo "2525"]
[BlackElo "2315"]
[Annotator "White e4 - Sicilian Moscow 13"]
[PlyCount "75"]
[EventDate "1993.12.??"]
[EventType "tourn"]
[EventRounds "13"]
[EventCountry "RUS"]
[EventCategory "8"]
[Source "ChessBase"]
[SourceDate "2004.01.01"]
[WhiteTeamCountry "GER"]
[BlackTeamCountry "GER"]

1. e4 c5 2. Nf3 d6 3. Bb5+ Nd7 4. d4 cxd4 5. Qxd4 Ngf6 6. Bg5 e6 7. Nc3 Be7 8.
e5 dxe5 9. Nxe5 h6 10. Bxf6 Bxf6 11. O-O-O O-O 12. Bxd7 Bxe5 13. Qxe5 Bxd7 14.
Ne4 Qe7 15. Qc7 Qb4 16. Nf6+ gxf6 17. Rxd7 Rac8 18. Qg3+ Kh8 19. Qe3 Kg7 20.
Rd4 Qc5 21. Qd2 f5 22. g4 Kh7 23. Qd3 Rc7 24. gxf5 Qxf5 25. Qxf5+ exf5 26. Rhd1
Rg8 27. Rd7 Rxd7 28. Rxd7 Rg2 29. Rxb7 Rxf2 30. c4 Rxh2 31. c5 Re2 32. c6 Re6
33. c7 Rc6+ 34. Kd2 a5 35. Ke3 h5 36. Kd4 h4 37. Kd5 Rc2 38. Kd6 1-0

[Event "FRA-chT"]
[Site "France"]
[Date "2003.04.05"]
[Round "6.4"]
[White "Glek, Igor V"]
[Black "Sermier, Guillaume"]
[Result "1-0"]
[WhiteElo "2576"]
[BlackElo "2379"]
[Annotator "White e4 - Sicilian Moscow 14"]
[PlyCount "55"]
[EventDate "2003.01.31"]
[EventType "team"]
[EventRounds "11"]
[EventCountry "FRA"]
[Source "ChessBase"]
[SourceDate "2003.07.25"]
[WhiteTeam "Vandoeuvre"]
[BlackTeam "Besancon"]
[WhiteTeamCountry "FRA"]
[BlackTeamCountry "FRA"]

1. e4 c5 2. Nf3 d6 3. Bb5+ Nd7 4. d4 Ngf6 5. Nc3 cxd4 6. Qxd4 e5 7. Qd3 h6 8.
Be3 a6 9. Bc4 Be7 10. a4 Qc7 11. O-O Nc5 12. Bxc5 Qxc5 13. Nd5 Nxd5 14. Qxd5
Qxd5 15. Bxd5 Rb8 16. Rfd1 O-O 17. c4 Bd8 18. a5 b6 19. b4 bxa5 20. bxa5 Bg4
21. Rd3 Bxa5 22. h3 Bxf3 23. Rxa5 Bh5 24. Rxa6 Rfd8 25. Ra7 Kf8 26. Bxf7 Rb1+
27. Kh2 Be2 28. Rd2 1-0

[Event "ICC GM Fights 1"]
[Site "Internet"]
[Date "1999.05.22"]
[Round "2"]
[White "Svidler, Peter"]
[Black "Annakov, Babakuli"]
[Result "1-0"]
[WhiteElo "2713"]
[BlackElo "2600"]
[Annotator "White e4 - Sicilian Rossolimo 1"]
[PlyCount "43"]
[EventDate "1999.05.??"]
[EventType "tourn (rapid)"]
[EventRounds "6"]
[EventCategory "16"]
[Source "ChessBase"]
[SourceDate "1999.07.10"]
[WhiteTeamCountry "FRA"]
[BlackTeamCountry "FRA"]

1. e4 c5 2. Nf3 Nc6 3. Bb5 Qb6 4. Nc3 e6 5. O-O a6 6. Bxc6 Qxc6 7. d4 cxd4 8.
Qxd4 d6 9. Re1 Bd7 10. Bg5 Rc8 11. Rad1 Qc5 12. Qd2 Be7 13. Bxe7 Kxe7 14. e5 d5
15. Ne4 Qb6 16. Nd6 Rc6 17. c4 dxc4 18. Nf5+ exf5 19. Qxd7+ Kf8 20. Ng5 Qc7 21.
e6 fxe6 22. Nxe6+ 1-0

[Event "BEL-chT 0001"]
[Site "Belgium"]
[Date "2001.03.11"]
[Round "10"]
[White "Glek, Igor V"]
[Black "Ikonnikov, Vyacheslav"]
[Result "1-0"]
[WhiteElo "2551"]
[BlackElo "2559"]
[Annotator "White e4 - Sicilian Rossolimo 4"]
[PlyCount "103"]
[EventDate "2000.11.18"]
[EventType "team"]
[EventRounds "13"]
[EventCountry "BEL"]
[Source "ChessBase"]
[SourceDate "2001.05.06"]
[WhiteTeamCountry "FRA"]
[BlackTeamCountry "FRA"]

1. e4 c5 2. Nf3 Nc6 3. Bb5 g6 4. O-O Bg7 5. c3 Nf6 6. Re1 O-O 7. e5 Nd5 8. d4
cxd4 9. cxd4 Nc7 10. Nc3 Nxb5 11. Nxb5 a6 12. Nc3 d6 13. exd6 Qxd6 14. d5 Ne5
15. Bf4 Bg4 16. Bxe5 Bxe5 17. Rxe5 Qxe5 18. Nxe5 Bxd1 19. Rxd1 Rfd8 20. Kf1
Rac8 21. Ke2 f6 22. Nf3 Rc4 23. Rd4 Rxd4 24. Nxd4 Kf7 25. Kd3 Rc8 26. a4 Ke8
27. a5 Kd7 28. Ne6 h5 29. h4 g5 30. hxg5 fxg5 31. Nxg5 Rg8 32. f4 Rf8 33. Ke4
Rc8 34. Kd4 Rf8 35. g3 h4 36. Ne6 Rh8 37. gxh4 Rxh4 38. Ne4 Rh1 39. b4 Rb1 40.
N4c5+ Kc8 41. Nd3 Rd1 42. f5 Rf1 43. Ke5 Rf3 44. Ke4 Rf1 45. Nef4 Kd7 46. Ke5
Rf3 47. Nc5+ Kc7 48. Nfe6+ Kc8 49. Ng5 Rf1 50. Ke6 Kc7 51. Kxe7 Rxf5 52. Nge6+
1-0

[Event "Yongchuan zt 3.3"]
[Site "Yongchuan"]
[Date "2003.07.14"]
[Round "4"]
[White "Zhang Zhong"]
[Black "Zhang Pengxiang"]
[Result "0-1"]
[WhiteElo "2658"]
[BlackElo "2567"]
[Annotator "White e4 - Sicilian Rossolimo 6"]
[PlyCount "170"]
[EventDate "2003.07.11"]
[EventType "tourn"]
[EventRounds "11"]
[EventCountry "CHN"]
[EventCategory "12"]
[Source "ChessBase"]
[SourceDate "2003.11.11"]
[WhiteTeamCountry "FRA"]
[BlackTeamCountry "FRA"]

1. e4 c5 2. Nf3 Nc6 3. Bb5 e6 4. O-O Nge7 5. b3 Nd4 6. Nxd4 cxd4 7. Bb2 a6 8.
Bd3 Nc6 9. c3 Bc5 10. cxd4 Bxd4 11. Bxd4 Nxd4 12. Nc3 O-O 13. Qh5 b5 14. e5 g6
15. Qg4 Nc6 16. Qg3 d6 17. exd6 Bb7 18. Ne4 Nb4 19. Nc5 Nxd3 20. Nxd3 Qb6 21.
Rac1 Rad8 22. Nc5 Bc8 23. Qh4 f5 24. d7 Bxd7 25. Rfe1 Bc8 26. d3 Rd5 27. b4 Qd6
28. a3 a5 29. Qg3 e5 30. f3 axb4 31. axb4 f4 32. Qf2 Bf5 33. Qa2 Rf7 34. Qa8+
Kg7 35. Qa1 Rd4 36. Re2 Kh6 37. Qb2 Re7 38. Rd2 Ra7 39. Qc3 Qd5 40. Re1 Re7 41.
Red1 Qd6 42. Ra1 Rc7 43. Ra3 e4 44. fxe4 Bxe4 45. Rf2 Rxd3 46. Qb2 Rd1+ 47. Rf1
Rxc5 48. bxc5 Qxc5+ 49. Qf2 Rxf1+ 50. Kxf1 Qc1+ 51. Ke2 Qb2+ 52. Ke1 Qc1+ 53.
Ke2 f3+ 54. gxf3 Qxa3 55. Qh4+ Kg7 56. fxe4 Qd6 57. Qf2 Qe5 58. Qa7+ Kh6 59.
Kd3 Qd6+ 60. Ke3 Qxh2 61. Qe7 Qg1+ 62. Kd3 Qg3+ 63. Kd4 Qg1+ 64. Kd3 Qd1+ 65.
Ke3 Qc1+ 66. Kd3 Qg5 67. Qf8+ Kh5 68. Qf3+ Qg4 69. Qf7 h6 70. Qc7 Qd1+ 71. Ke3
Qe1+ 72. Kd4 Qd2+ 73. Kc5 b4 74. Qb7 Qc3+ 75. Kd6 Qd4+ 76. Ke6 b3 77. Qb5+ g5
78. e5 b2 79. Qb3 g4 80. Kf5 Qf2+ 81. Ke6 g3 82. Qd1+ Kg5 83. Qd8+ Kg4 84. Qd1+
Kh4 85. Qh1+ Kg5 0-1

[Event "RUS-chT"]
[Site "Togliatti"]
[Date "2003.05.18"]
[Round "3"]
[White "Svidler, Peter"]
[Black "Rublevsky, Sergei"]
[Result "1-0"]
[WhiteElo "2713"]
[BlackElo "2670"]
[Annotator "White e4 - Sicilian 2...e6 KIA 1"]
[PlyCount "79"]
[EventDate "2003.05.16"]
[EventType "team"]
[EventRounds "10"]
[EventCountry "RUS"]
[Source "ChessBase"]
[SourceDate "2003.07.09"]
[BlackTeamCountry "RUS"]

1. e4 c5 2. Nf3 e6 3. d3 Nc6 4. c3 Nge7 5. Be3 d6 6. a3 g6 7. b4 b6 8. d4 Bg7
9. dxc5 bxc5 10. bxc5 d5 11. Bb5 Bd7 12. Nbd2 Bxc3 13. O-O Bg7 14. Rc1 O-O 15.
Bg5 h6 16. exd5 hxg5 17. dxc6 Nxc6 18. h3 Rb8 19. Qa4 Rxb5 20. Qxb5 Nd4 21. Qd3
Bb5 22. Nc4 Qd5 23. Nxd4 Bxd4 24. Rfd1 Rd8 25. Qxd4 Qxd4 26. Rxd4 Rxd4 27. Nd6
Bc6 28. Rb1 Kg7 29. f3 Rd5 30. Rb8 Rxc5 31. Rc8 Rc1+ 32. Kh2 Rc2 33. Rc7 Kf6
34. Rxa7 e5 35. Rc7 Ba4 36. Ne4+ Kg7 37. Rxc2 Bxc2 38. Nc5 Kf8 39. a4 e4 40. a5
1-0

[Event "Aubervilliers op rap 28th"]
[Site "Aubervilliers"]
[Date "2003.01.26"]
[Round "7"]
[White "Skripchenko, Almira"]
[Black "Pelletier, Yannick"]
[Result "0-1"]
[WhiteElo "2501"]
[BlackElo "2624"]
[Annotator "White e4 - Sicilian 2...e6 3 b3 3"]
[PlyCount "106"]
[EventDate "2003.01.25"]
[EventType "swiss"]
[EventRounds "10"]
[EventCountry "FRA"]
[Source "ChessBase"]
[SourceDate "2003.03.07"]
[BlackTeamCountry "RUS"]

1. e4 e6 2. d3 c5 3. Nf3 Nc6 4. c3 d5 5. Qe2 Nf6 6. Nbd2 Be7 7. g3 O-O 8. Bg2
b5 9. O-O a5 10. Re1 Ba6 11. e5 Nd7 12. Nf1 b4 13. c4 dxc4 14. dxc4 Nb6 15. b3
Ra7 16. h4 Rd7 17. Bg5 Bb7 18. N1h2 Bxg5 19. Nxg5 Nd4 20. Qh5 h6 21. Bxb7 hxg5
22. Be4 f5 23. exf6 gxf6 24. Nf3 Rg7 25. hxg5 f5 26. Nxd4 cxd4 27. Bd3 Qe7 28.
Qh6 Nd7 29. Rxe6 Qxg5 30. Qxg5 Rxg5 31. Be2 f4 32. Rd6 fxg3 33. fxg3 Rxg3+ 34.
Kh2 Rg7 35. Rf1 Rxf1 36. Bxf1 Ne5 37. Bg2 Rd7 38. Rxd7 Nxd7 39. Kg3 Nc5 40. Kf4
Kf7 41. Ke5 d3 42. Kd4 d2 43. Bf3 Nd7 44. c5 Ke7 45. c6 Nf8 46. Kc5 Ne6+ 47.
Kb6 Kd6 48. Bd1 Nc7 49. Kxa5 Nd5 50. Ka6 Kxc6 51. Ka5 Kc5 52. Ka6 Nc3 53. Bf3
Nxa2 0-1

[Event "Budapest Elekes mem"]
[Site "Budapest"]
[Date "2002.05.20"]
[Round "3"]
[White "Horvath, Csaba"]
[Black "Fogarasi, Tibor"]
[Result "1/2-1/2"]
[WhiteElo "2539"]
[BlackElo "2445"]
[Annotator "White e4 - Sicilian 2...e6 3 b3 4"]
[PlyCount "75"]
[EventDate "2002.05.18"]
[EventType "tourn"]
[EventRounds "11"]
[EventCountry "HUN"]
[EventCategory "8"]
[Source "ChessBase"]
[SourceDate "2002.11.25"]
[BlackTeamCountry "RUS"]

1. e4 c5 2. Nf3 e6 3. b3 d6 4. Bb5+ Nd7 5. O-O Ngf6 6. Re1 Be7 7. c3 a6 8. Bf1
b6 9. d4 cxd4 10. cxd4 Bb7 11. Nbd2 O-O 12. Bd3 e5 13. Bb2 Re8 14. b4 Bf8 15.
Qb3 Nh5 16. g3 g6 17. a4 exd4 18. Bc4 Qe7 19. Bxd4 Bg7 20. Bxg7 Kxg7 21. Bd5
Bxd5 22. Qxd5 Nhf6 23. Qd4 b5 24. axb5 axb5 25. Ra5 Rxa5 26. bxa5 Ne5 27. Kg2
Qc7 28. Ra1 Ra8 29. Nxe5 dxe5 30. Qb4 Qc6 31. Ra3 Rd8 32. Rc3 Qb7 33. Rc2 Rd4
34. Qa3 Nd7 35. Qc3 b4 36. Qf3 Qa6 37. Nb3 Rd6 38. Qe2 1/2-1/2

[Event "Corus-B"]
[Site "Wijk aan Zee"]
[Date "2003.01.18"]
[Round "6"]
[White "Nijboer, Friso"]
[Black "Van der Wiel, John TH"]
[Result "1-0"]
[WhiteElo "2553"]
[BlackElo "2509"]
[Annotator "White e4 - Sicilian Alapin 1"]
[PlyCount "89"]
[EventDate "2003.01.14"]
[EventType "tourn"]
[EventRounds "13"]
[EventCountry "NED"]
[EventCategory "13"]
[Source "ChessBase"]
[SourceDate "2003.04.01"]
[WhiteTeamCountry "CZE"]
[BlackTeamCountry "ITA"]

1. e4 c5 2. Nf3 Nf6 3. e5 Nd5 4. g3 Nc6 5. Bg2 d6 6. exd6 exd6 7. O-O Be7 8. d4
O-O 9. Na3 Bf5 10. c3 Rc8 11. Re1 Bf6 12. Nh4 Bxh4 13. Bxd5 Bf6 14. dxc5 dxc5
15. Bf4 Qd7 16. Nc4 Bg4 17. Bf3 Qxd1 18. Bxd1 Bxd1 19. Raxd1 b6 20. Rd7 g5 21.
Bc7 Rce8 22. Re3 Rxe3 23. Nxe3 Re8 24. Nf5 h5 25. Kf1 Re6 26. Nh6+ Kf8 27.
Rxf7+ Ke8 28. Rh7 Ne7 29. Bb8 a6 30. g4 Re4 31. gxh5 b5 32. h3 b4 33. Ng4 Bxc3
34. bxc3 bxc3 35. Be5 c2 36. Bb2 Rb4 37. Ba3 Ra4 38. Bc1 Rxa2 39. Bxg5 c1=Q+
40. Bxc1 Ra1 41. Kg2 Rxc1 42. h6 Nf5 43. Ra7 Rc3 44. h7 Nh4+ 45. Kh2 1-0

[Event "Milan Pentium4 2nd"]
[Site "Milan"]
[Date "2002.07.12"]
[Round "4"]
[White "Godena, Michele"]
[Black "Cebalo, Miso"]
[Result "1/2-1/2"]
[WhiteElo "2488"]
[BlackElo "2548"]
[Annotator "White e4 - Sicilian Alapin 3"]
[PlyCount "68"]
[EventDate "2002.07.09"]
[EventType "tourn"]
[EventRounds "9"]
[EventCountry "ITA"]
[EventCategory "8"]
[Source "ChessBase"]
[SourceDate "2002.09.10"]
[WhiteTeamCountry "CZE"]
[BlackTeamCountry "ITA"]

1. e4 c5 2. c3 d5 3. exd5 Qxd5 4. d4 g6 5. Nf3 Bg7 6. Na3 Nf6 7. Bc4 Qe4+ 8.
Be3 O-O 9. O-O cxd4 10. Bxd4 Nc6 11. Re1 Qf5 12. Be5 a6 13. Nd4 Qd7 14. Nxc6
Qxc6 15. Be2 Be6 16. Bf3 Qb6 17. Qe2 Rad8 18. Bd4 Qc7 19. Nc2 Rfe8 20. Be5 Qc8
21. Nd4 Bc4 22. Bxb7 Qxb7 23. Qxc4 Qxb2 24. Reb1 Qd2 25. Rd1 Qg5 26. Nf3 Qf5
27. Qxa6 Ne4 28. Rxd8 Rxd8 29. Qb6 Qc8 30. Bxg7 Kxg7 31. Re1 Nxc3 32. Rxe7 Rd1+
33. Re1 Rxe1+ 34. Nxe1 Nxa2 1/2-1/2

[Event "Bundesliga 0102"]
[Site "Germany"]
[Date "2002.03.16"]
[Round "10.1"]
[White "Kasimdzhanov, Rustam"]
[Black "Dorfman, Josif D"]
[Result "1/2-1/2"]
[WhiteElo "2704"]
[BlackElo "2602"]
[Annotator "White e4 - French Tarrasch 1"]
[PlyCount "41"]
[EventDate "2001.10.06"]
[EventType "team"]
[EventRounds "15"]
[EventCountry "GER"]
[Source "ChessBase"]
[SourceDate "2002.11.25"]
[WhiteTeam "Solingen"]
[BlackTeam "Hamburger SK"]
[WhiteTeamCountry "GER"]
[BlackTeamCountry "GER"]

1. e4 e6 2. d4 d5 3. Nc3 dxe4 4. Nxe4 Nd7 5. Nf3 Ngf6 6. Nxf6+ Nxf6 7. c3 c5 8.
Ne5 a6 9. Qa4+ Bd7 10. Nxd7 Qxd7 11. Qxd7+ Kxd7 12. dxc5 Bxc5 13. Be2 Rhd8 14.
a4 a5 15. Bf4 Ke7 16. Bf3 Rd7 17. O-O Rad8 18. Rfe1 h6 19. h4 Nd5 20. Bg3 Bd6
21. Bxd6+ 1/2-1/2

[Event "Bundesliga 0203"]
[Site "Germany"]
[Date "2002.12.14"]
[Round "5.3"]
[White "Berelovich, Aleksandar"]
[Black "Jussupow, Artur"]
[Result "1-0"]
[WhiteElo "2541"]
[BlackElo "2622"]
[Annotator "White e4 - French Tarrasch 4"]
[PlyCount "117"]
[EventDate "2002.10.19"]
[EventType "team"]
[EventRounds "15"]
[EventCountry "GER"]
[Source "ChessBase"]
[SourceDate "2003.04.01"]
[WhiteTeam "Turm Emsdetten"]
[BlackTeam "Solingen"]
[WhiteTeamCountry "GER"]
[BlackTeamCountry "GER"]

1. e4 e6 2. d4 d5 3. Nd2 Nf6 4. e5 Nfd7 5. Bd3 c5 6. c3 b6 7. Ne2 Ba6 8. Bxa6
Nxa6 9. O-O Nc7 10. Nf4 Be7 11. Qg4 g6 12. Nf3 c4 13. h4 h5 14. Qg3 b5 15. Nh3
a5 16. Nfg5 Rg8 17. Re1 Nf8 18. Re3 Rg7 19. Rf3 Qd7 20. Bd2 Na6 21. Re1 Nb8 22.
Ree3 Bxg5 23. Qxg5 Nc6 24. Qf6 Rg8 25. Re1 Rb8 26. Ng5 Rb7 27. Qf4 Rg7 28. Qf6
Rg8 29. Qf4 Rg7 30. Bc1 Qe7 31. Qd2 Nd7 32. Qc2 Nd8 33. Nh3 Nb6 34. Bg5 Qc7 35.
Qd2 Nd7 36. Bh6 Rh7 37. Bg5 Nc6 38. Qc2 Ne7 39. Bxe7 Kxe7 40. Ng5 Rg7 41. Rxf7+
Rxf7 42. Qxg6 Rf8 43. Qh7+ Ke8 44. Qxh5+ Ke7 45. Qh7+ Ke8 46. Qg6+ Ke7 47.
Qxe6+ Kd8 48. Qxd5 Kc8 49. Ne6 Qb6 50. Nxf8 Nxf8 51. e6 Ng6 52. h5 Ne7 53. Qg5
Qd8 54. Re5 Nc6 55. Qf5 Ne7 56. Rc5+ Rc7 57. Rxc7+ Qxc7 58. Qxb5 Kd8 59. h6 1-0

[Event "Dos Hermanas Internet f"]
[Site "ICC INT"]
[Date "2002.03.22"]
[Round "1.3"]
[White "Avrukh, Boris"]
[Black "Kristjansson, Stefan"]
[Result "0-1"]
[WhiteElo "2591"]
[BlackElo "2389"]
[Annotator "White e4 - French Tarrasch 9"]
[PlyCount "68"]
[EventDate "2002.03.22"]
[EventType "k.o."]
[EventRounds "5"]
[EventCountry "ESP"]
[Source "ChessBase"]
[SourceDate "2002.05.03"]
[WhiteTeamCountry "ENG"]
[BlackTeamCountry "SLO"]

1. d4 e6 2. e4 d5 3. Nd2 c5 4. Ngf3 cxd4 5. Nxd4 Nf6 6. exd5 Qxd5 7. Nb5 Na6 8.
c4 Qf5 9. Be2 Bd7 10. O-O Bxb5 11. cxb5 Nc5 12. b4 Nd3 13. Nc4 Nxb4 14. Nd6+
Bxd6 15. Qxd6 Nbd5 16. Ba3 Ne4 17. Bd3 Nxd6 18. Bxf5 Nxf5 19. Rfd1 Kd7 20. Rd3
Rhc8 21. Rad1 Rc2 22. g4 Nfe7 23. f4 Rac8 24. f5 R8c3 25. Rxc3 Rxc3 26. Bb2 Rc4
27. h3 g6 28. f6 Nc8 29. Bd4 b6 30. a3 Nd6 31. Be5 Nxb5 32. Rd3 Nd6 33. Kf1 Ne4
34. Ke2 Nc5 0-1

[Event "ISR-ch op"]
[Site "Tel Aviv"]
[Date "2001.04.13"]
[Round "5"]
[White "Tseitlin, Mark D"]
[Black "Rabinovich, Alexander"]
[Result "1-0"]
[WhiteElo "2492"]
[BlackElo "2433"]
[Annotator "White e4 - French Tarrasch 10"]
[PlyCount "59"]
[EventDate "2001.04.09"]
[EventType "swiss"]
[EventRounds "9"]
[EventCountry "ISR"]
[Source "ChessBase"]
[SourceDate "2001.05.06"]
[WhiteTeamCountry "ENG"]
[BlackTeamCountry "SLO"]

1. e4 e6 2. d4 d5 3. Nd2 c5 4. Ngf3 cxd4 5. Nxd4 Nc6 6. Bb5 Bd7 7. Nxc6 Bxc6 8.
Bxc6+ bxc6 9. c4 Bc5 10. Qa4 Ne7 11. exd5 exd5 12. Nb3 Bb6 13. c5 Bc7 14. O-O
O-O 15. Bg5 f6 16. Bf4 Be5 17. Rae1 Qc7 18. Bc1 g5 19. g3 Qd7 20. Bxg5 Bxb2 21.
Be3 Nf5 22. Qg4+ Kh8 23. Bd4 Ba3 24. Ba1 Rf7 25. Qa4 Rg8 26. Re2 d4 27. Qxa3 d3
28. Re4 d2 29. Nd4 Rfg7 30. Qf3 1-0

[Event "Mitropa Cup 17th"]
[Site "Montecatini Terme"]
[Date "1997.??.??"]
[Round "7"]
[White "Palac, Mladen"]
[Black "Baumegger, Siegfried"]
[Result "1-0"]
[WhiteElo "2575"]
[BlackElo "2485"]
[Annotator "White e4 - French Tarrasch 11"]
[PlyCount "47"]
[EventDate "1997.11.07"]
[EventType "team"]
[EventRounds "9"]
[EventCountry "ITA"]
[Source "ChessBase"]
[SourceDate "1998.03.09"]
[WhiteTeamCountry "ENG"]
[BlackTeamCountry "SLO"]

1. e4 e6 2. d4 d5 3. Nd2 c5 4. Ngf3 Nf6 5. exd5 Nxd5 6. Nb3 Nd7 7. Bg5 Be7 8.
Bxe7 Qxe7 9. Bb5 cxd4 10. Qxd4 O-O 11. O-O-O a6 12. Bc4 N5f6 13. Rhe1 b5 14.
Bd5 Nxd5 15. Qxd5 Nb6 16. Qc6 Rb8 17. Ne5 Nc4 18. Nxc4 bxc4 19. Qxc4 Qg5+ 20.
Kb1 Qxg2 21. Qf4 Rb5 22. Rg1 Qb7 23. Rxg7+ Kh8 24. Rxh7+ 1-0